[Event "ICC tourney 1897 (3 2)"]
[Site "Internet Chess Club"]
[Date "2020.07.03"]
[Round "1"]
[White "fastnfurious"]
[Black "Candychessguru"]
[Result "1-0"]
[WhiteElo "1799"]
[BlackElo "1751"]
[PlyCount "283"]
[EventDate "2020.??.??"]

1. d4 Nf6 2. Nf3 e6 3. Bg5 c5 4. e3 Qb6 5. Qc1 Ne4 6. h4 Nc6 7. c3 d5 8. Nbd2
h6 9. Bf4 Nxd2 10. Qxd2 Bd7 11. Bd3 Be7 12. h5 cxd4 13. exd4 Rc8 14. O-O O-O
15. Rfe1 f5 16. Ne5 Nxe5 17. dxe5 Be8 18. Re3 Qd8 19. Rg3 Kh7 20. Rh3 Bg5 21.
g4 Bxf4 22. Qxf4 Qg5 23. Qxg5 hxg5 24. gxf5 exf5 25. Rg3 Kh6 26. f4 g4 27. Kf2
Bxh5 28. Rh1 g6 29. Ke3 Kg7 30. Kd2 Kf7 31. Bc2 Ke6 32. Rd3 Rfd8 33. Bb3 b5 34.
Ke3 Rd7 35. Rhd1 Rcd8 36. a4 a6 37. Kf2 g5 38. Kg3 Bf7 39. Rd4 gxf4+ 40. Kxf4
Ke7 41. Rh1 Rg8 42. Kg3 Be6 43. Rh7+ Kd8 44. Rxd7+ Kxd7 45. Bxd5 Bxd5 46. Rxd5+
Ke6 47. Rd4 Kxe5 48. axb5 axb5 49. Rb4 Rd8 50. Rxb5+ Kf6 51. Kf4 Rg8 52. Rxf5+
Ke6 53. Re5+ Kf6 54. Re3 Rb8 55. Re2 Rg8 56. Kg3 Kf5 57. c4 Rc8 58. b3 Rd8 59.
Re3 Rd4 60. Rc3 Ke6 61. c5 Kd7 62. c6+ Kc7 63. Kg2 Rb4 64. Kg3 Rb6 65. Kxg4
Rxc6 66. Rd3 Kb6 67. Kf3 Kb5 68. Ke3 Kb4 69. Kd2 Rc5 70. Re3 Rd5+ 71. Kc2 Rc5+
72. Kb2 Rh5 73. Re4+ Kb5 74. Ka3 Rg5 75. Re8 Rf5 76. Rb8+ Ka6 77. Rb4 Rf1 78.
Rb8 Ka7 79. Re8 Ra1+ 80. Kb4 Rd1 81. Re4 Kb6 82. Re6+ Kb7 83. Re5 Rb1 84. Rh5
Rc1 85. Rh6 Ra1 86. Kc4 Rg1 87. b4 Rg4+ 88. Kb5 Rg5+ 89. Ka4 Rg4 90. Ka5 Rg1
91. Rh7+ Kc8 92. b5 Rb1 93. Kb6 Rc1 94. Rh8+ Kd7 95. Kb7 Rb1 96. b6 Rb2 97.
Rh7+ Kd8 98. Rc7 Rb3 99. Rc1 Rb2 100. Rd1+ Ke7 101. Kc7 Rc2+ 102. Kb8 Rb2 103.
b7 Rb3 104. Rc1 Kd7 105. Rc7+ Kd8 106. Rc1 Ra3 107. Rd1+ Ke7 108. Kc7 Rc3+ 109.
Kb6 Rb3+ 110. Ka6 Ra3+ 111. Kb5 Rb3+ 112. Kc6 Rc3+ 113. Kb6 Rb3+ 114. Kc7 Rc3+
115. Kb8 Ra3 116. Rc1 Kd7 117. Rc4 Ra1 118. Rc2 Ra3 119. Rd2+ Ke7 120. Kc7 Rc3+
121. Kb6 Rb3+ 122. Ka7 Ra3+ 123. Kb8 Ra4 124. Rh2 Kd7 125. Rh7+ Kd8 126. Rh8+
Kd7 127. Rc8 Rb4 128. Rc2 Ra4 129. Rd2+ Ke7 130. Re2+ Kd7 131. Rc2 Ra3 132. Rc5
Ra2 133. Rb5 Ra3 134. Rb6 Ra2 135. Rh6 Ra1 136. Rh7+ Kd8 137. Rc7 Ra2 138. Rc3
Ra1 139. Rd3+ Ke7 140. Rd5 Ra2 141. Kc7 Rc2+ 142. Kb6 1-0

[Event "ICC tourney 1897 (3 2)"]
[Site "Internet Chess Club"]
[Date "2020.07.03"]
[Round "10"]
[White "YKQ"]
[Black "MrNormalName"]
[Result "0-1"]
[WhiteElo "2383"]
[BlackElo "1796"]
[PlyCount "32"]
[EventDate "2020.??.??"]

1. e4 e5 2. Nf3 Nc6 3. c3 d5 4. Bb5 dxe4 5. Nxe5 Qd5 6. Qa4 Nge7 7. d4 exd3 8.
Bf4 Qxg2 9. Rf1 Bh3 10. Bxd3 O-O-O 11. Be2 Nxe5 12. Bxe5 Qd5 13. Bg3 Bxf1 14.
Bxf1 Nc6 15. Bh3+ Kb8 16. Na3 Re8+ 0-1

[Event "ICC tourney 1897 (3 2)"]
[Site "Internet Chess Club"]
[Date "2020.07.03"]
[Round "9"]
[White "YKQ"]
[Black "dopolian"]
[Result "0-1"]
[WhiteElo "2414"]
[BlackElo "2009"]
[PlyCount "106"]
[EventDate "2020.??.??"]

1. e4 e5 2. Nf3 Nc6 3. c3 Nf6 4. d4 exd4 5. e5 Ne4 6. Qe2 f5 7. exf6 d5 8. Nxd4
Nxd4 9. cxd4 Bb4+ 10. Bd2 Bxd2+ 11. Nxd2 O-O 12. Nxe4 dxe4 13. fxg7 Kxg7 14.
O-O-O Qg5+ 15. Qe3 Qxe3+ 16. fxe3 Be6 17. d5 Bg4 18. Rd2 Rad8 19. Bc4 Rf6 20.
Rf1 Rxf1+ 21. Bxf1 Kf6 22. Bc4 Ke5 23. Kc2 a6 24. a4 Bd7 25. a5 Bb5 26. b3 Rf8
27. Kc3 Bxc4 28. bxc4 Rf1 29. Kb4 Rb1+ 30. Kc5 Ra1 31. d6 cxd6+ 32. Kb6 Rb1+
33. Kc7 Rb4 34. Rd5+ Ke6 35. Rxd6+ Ke5 36. Rb6 Ra4 37. Kxb7 Rxa5 38. Rxa6 Rc5
39. Rc6 Ra5 40. Rh6 Rc5 41. Rh5+ Kd6 42. Rh6+ Ke5 43. Rc6 Ra5 44. Kb6 Ra3 45.
Rc5+ Ke6 46. Rh5 Rxe3 47. Rxh7 Rc3 48. c5 e3 49. Rh8 Kd5 50. Rd8+ Kc4 51. Re8
Kd3 52. c6 e2 53. c7 Kd2 0-1

[Event "ICC tourney 1897 (3 2)"]
[Site "Internet Chess Club"]
[Date "2020.07.03"]
[Round "8"]
[White "ficorrales"]
[Black "YKQ"]
[Result "1-0"]
[WhiteElo "2010"]
[BlackElo "2428"]
[PlyCount "93"]
[EventDate "2020.??.??"]

1. e4 c6 2. d4 d5 3. e5 Bf5 4. h4 h5 5. c4 e6 6. Nc3 Ne7 7. Bg5 Nd7 8. cxd5
exd5 9. Bd3 Bxd3 10. Qxd3 Qb6 11. O-O-O O-O-O 12. Bxe7 Bxe7 13. f4 g6 14. Nf3
Nf8 15. f5 Kb8 16. f6 Bb4 17. Ng5 Bxc3 18. Qxc3 Rd7 19. Kb1 Nh7 20. Qh3 Qd8 21.
Rde1 a6 22. Rhf1 Ka7 23. e6 fxe6 24. Rxe6 Rf8 25. Nxh7 Rxh7 26. Qg3 Qd7 27.
Rfe1 Rhf7 28. Qxg6 Qd8 29. Rf1 Qb6 30. Qd3 Qd8 31. Qf5 Qb6 32. Qe5 Qb5 33. Rd1
Rg8 34. g3 Rg4 35. Re8 Re4 36. Qb8+ Kb6 37. Rxe4 dxe4 38. Qe5 Qe2 39. Rc1 e3
40. d5 Qd3+ 41. Ka1 e2 42. d6 Qd5 43. Qe3+ c5 44. Qxe2 Rxf6 45. Rd1 Re6 46. Qc2
Qf3 47. d7 1-0

[Event "ICC tourney 1897 (3 2)"]
[Site "Internet Chess Club"]
[Date "2020.07.03"]
[Round "7"]
[White "Mookmookarmy"]
[Black "YKQ"]
[Result "0-1"]
[WhiteElo "1732"]
[BlackElo "2441"]
[PlyCount "78"]
[EventDate "2020.??.??"]

1. e4 c6 2. d4 d5 3. e5 Bf5 4. Ne2 e6 5. Ng3 Bg6 6. h4 h5 7. Be2 c5 8. c3 Nc6
9. Be3 Qb6 10. Qb3 cxd4 11. cxd4 Qxb3 12. axb3 Nge7 13. Nc3 Nf5 14. Nxf5 Bxf5
15. Nb5 Kd7 16. O-O Be7 17. g3 a6 18. Nc3 Rag8 19. f4 f6 20. Rac1 g5 21. exf6
gxf4 22. Bxf4 Bxf6 23. Kh2 Bxd4 24. Rfd1 Be5 25. Bxe5 Nxe5 26. Rd4 Bg4 27. Kg2
Rf8 28. Bxg4 Nxg4 29. Rd2 Rf5 30. Ne4 b6 31. Ng5 Rhf8 32. Re1 Rf2+ 33. Rxf2
Rxf2+ 34. Kg1 Rxb2 35. Rxe6 Rxb3 36. Kg2 Rb2+ 37. Kf1 a5 38. Re1 a4 39. Rd1
Ne3+ 0-1

[Event "ICC tourney 1897 (3 2)"]
[Site "Internet Chess Club"]
[Date "2020.07.03"]
[Round "6"]
[White "YKQ"]
[Black "londonkid"]
[Result "1-0"]
[WhiteElo "2441"]
[BlackElo "1771"]
[PlyCount "67"]
[EventDate "2020.??.??"]

1. e4 e6 2. d3 d5 3. Nd2 Nf6 4. Ngf3 c5 5. g3 Nc6 6. Bg2 Be7 7. O-O Qc7 8. Re1
b6 9. Nf1 Bb7 10. Bf4 Qd7 11. e5 Nh5 12. Bd2 g6 13. g4 Ng7 14. Bh6 Rg8 15. Ng3
O-O-O 16. c3 Kb8 17. a3 Ne8 18. b4 g5 19. Qc1 Rg6 20. Bxg5 Bxg5 21. Nxg5 h6 22.
Nf3 Rxg4 23. bxc5 bxc5 24. Rb1 Ka8 25. Qe3 d4 26. cxd4 Nxd4 27. Rxb7 Kxb7 28.
Nxd4+ Kc8 29. Nc6 Qxd3 30. Qxc5 Rc4 31. Nxa7+ Kd7 32. Bc6+ Kc7 33. Qa5+ Kb8 34.
Qb6# 1-0

[Event "ICC tourney 1897 (3 2)"]
[Site "Internet Chess Club"]
[Date "2020.07.03"]
[Round "3"]
[White "Sina101"]
[Black "YKQ"]
[Result "0-1"]
[WhiteElo "1343"]
[BlackElo "2443"]
[PlyCount "58"]
[EventDate "2020.??.??"]

1. d4 Nf6 2. c4 g6 3. f3 Bg7 4. e4 d6 5. Nc3 O-O 6. Be3 c5 7. Nge2 cxd4 8. Nxd4
Nc6 9. Be2 Nxd4 10. Bxd4 a5 11. O-O Nd7 12. Be3 Nc5 13. Qd2 a4 14. f4 Qa5 15.
Bf3 a3 16. Nd5 Qxd2 17. Nxe7+ Kh8 18. Bxd2 axb2 19. Rab1 Rxa2 20. Nxc8 Rxc8 21.
Rfd1 Ra1 22. Kf1 Rca8 23. e5 Rxb1 24. Rxb1 Ra1 25. exd6 Rxb1+ 26. Ke2 Re1+ 27.
Bxe1 b1=Q 28. Bd5 Qd3+ 29. Kf2 Bd4# 0-1

[Event "ICC tourney 1897 (3 2)"]
[Site "Internet Chess Club"]
[Date "2020.07.03"]
[Round "2"]
[White "YKQ"]
[Black "fastnfurious"]
[Result "1-0"]
[WhiteElo "2443"]
[BlackElo "1848"]
[PlyCount "83"]
[EventDate "2020.??.??"]

1. e4 c6 2. d3 d5 3. Nd2 a6 4. Ngf3 Bg4 5. h3 Bxf3 6. Qxf3 e6 7. g3 Nd7 8. Qe2
Bb4 9. Bg2 Ne7 10. O-O O-O 11. c3 Ba5 12. Nf3 Bb6 13. Rd1 Ng6 14. h4 Rc8 15. h5
Ne7 16. e5 c5 17. h6 g6 18. Bg5 Qe8 19. Nh2 Bd8 20. Ng4 Nc6 21. Qe3 f5 22. exf6
Nxf6 23. Bh3 d4 24. Nxf6+ Rxf6 25. Qe4 Rf5 26. Bxd8 Rxd8 27. Bxf5 gxf5 28. Qf4
Qg6 29. Re1 Rd7 30. c4 Kf7 31. Re2 Re7 32. Rae1 Qf6 33. Qd6 Qxh6 34. Kg2 Qg6
35. Qxc5 f4 36. Re4 fxg3 37. fxg3 e5 38. Rf1+ Kg8 39. Qd5+ Kg7 40. Rf3 Re6 41.
Qd7+ Re7 42. Qc8 1-0

[Event "ICC tourney 1897 (3 2)"]
[Site "Internet Chess Club"]
[Date "2020.07.03"]
[Round "1"]
[White "bpovo1394"]
[Black "YKQ"]
[Result "0-1"]
[WhiteElo "891"]
[BlackElo "2443"]
[PlyCount "60"]
[EventDate "2020.??.??"]

1. e4 c5 2. Nf3 Nc6 3. Bb5 g6 4. Bxc6 bxc6 5. c3 Bg7 6. O-O e5 7. d4 cxd4 8.
cxd4 exd4 9. Nxd4 Ne7 10. Nc3 O-O 11. Bg5 h6 12. Bh4 Re8 13. Re1 Qb6 14. Nb3 g5
15. Bg3 Ng6 16. Na4 Qb4 17. Nac5 d5 18. a3 Qb5 19. exd5 Rxe1+ 20. Qxe1 cxd5 21.
a4 Qc6 22. Rc1 Bf5 23. Na5 Qf6 24. Ncb7 Qxb2 25. Rc7 d4 26. h3 d3 27. Nc4 Qe2
28. Qc1 Re8 29. f3 Bxh3 30. Nbd6 Qxg2# 0-1

[Event "ICC tourney 1897 (3 2)"]
[Site "Internet Chess Club"]
[Date "2020.07.03"]
[Round "15"]
[White "ganzy"]
[Black "mangolamb"]
[Result "1-0"]
[WhiteElo "1391"]
[BlackElo "1543"]
[PlyCount "29"]
[EventDate "2020.??.??"]

1. e4 e5 2. Nf3 Nc6 3. Nc3 Nf6 4. Bb5 a6 5. Bxc6 dxc6 6. Nxe5 Bb4 7. O-O Bxc3
8. dxc3 Qxd1 9. Rxd1 Nxe4 10. Re1 Bf5 11. g4 Nxf2 12. gxf5 Nh3+ 13. Kg2 O-O-O
14. Kxh3 Rde8 15. Bf4 1-0

[Event "ICC tourney 1897 (3 2)"]
[Site "Internet Chess Club"]
[Date "2020.07.03"]
[Round "13"]
[White "saiabhi29"]
[Black "mangolamb"]
[Result "1-0"]
[WhiteElo "1310"]
[BlackElo "1594"]
[PlyCount "53"]
[EventDate "2020.??.??"]

1. d4 d5 2. Bf4 e6 3. e3 Nf6 4. Nd2 Bd6 5. Bg3 c5 6. c3 Nc6 7. Ngf3 O-O 8. Bd3
b6 9. e4 dxe4 10. Nxe4 Nxe4 11. Bxe4 Bb7 12. Qa4 Rc8 13. dxc5 Bxc5 14. Rd1 Qe7
15. O-O a5 16. Qc2 h6 17. Rfe1 Rfd8 18. Bh4 f6 19. Bg3 Bd6 20. Bh7+ Kh8 21. Nh4
Qe8 22. Bxd6 e5 23. Bg6 Qg8 24. Bf5 Qc4 25. Ng6+ Kg8 26. b3 Qb5 27. Be6+ 1-0

[Event "ICC tourney 1897 (3 2)"]
[Site "Internet Chess Club"]
[Date "2020.07.03"]
[Round "12"]
[White "sirking2800"]
[Black "mangolamb"]
[Result "1-0"]
[WhiteElo "1586"]
[BlackElo "1645"]
[PlyCount "65"]
[EventDate "2020.??.??"]

1. e4 e5 2. Nf3 Nc6 3. Bb5 a6 4. Ba4 Nf6 5. O-O Be7 6. Bxc6 dxc6 7. d3 Bd6 8.
Nbd2 Bg4 9. h3 Bh5 10. b3 Qe7 11. Bb2 O-O-O 12. Nc4 Nd7 13. Nxd6+ cxd6 14. c4
Rhf8 15. b4 f5 16. exf5 Bxf3 17. Qxf3 g6 18. b5 Rxf5 19. Qe3 axb5 20. cxb5 c5
21. a4 Re8 22. a5 e4 23. a6 Kb8 24. axb7 Kxb7 25. d4 Nb6 26. Ra6 Ra8 27. Rxa8
Nxa8 28. Qa3 Kb8 29. Ra1 Qb7 30. Qa2 Rf8 31. Qe6 Qc7 32. dxc5 dxc5 33. Be5 1-0

[Event "ICC tourney 1897 (3 2)"]
[Site "Internet Chess Club"]
[Date "2020.07.03"]
[Round "11"]
[White "mangolamb"]
[Black "avocuddle"]
[Result "1/2-1/2"]
[WhiteElo "1682"]
[BlackElo "1468"]
[PlyCount "71"]
[EventDate "2020.??.??"]

1. e4 c6 2. d4 d5 3. exd5 cxd5 4. Bd3 Nc6 5. c3 Nf6 6. h3 g6 7. Nf3 Bf5 8. O-O
e6 9. Bf4 Bxd3 10. Qxd3 Ne4 11. Nbd2 f5 12. Ne5 Bd6 13. f3 Nxd2 14. Qxd2 Nxe5
15. Bxe5 Bxe5 16. dxe5 Kf7 17. f4 Qb6+ 18. Kh1 Rac8 19. Rad1 Rhd8 20. b3 Qc7
21. Rc1 Qc6 22. Rfd1 Qc7 23. Qd4 b6 24. Rd3 Qc5 25. Rcd1 Qxd4 26. cxd4 Rc2 27.
R3d2 Rdc8 28. Kg1 Ke7 29. Kf2 R8c3 30. Ke2 Kd7 31. Rxc2 Rxc2+ 32. Rd2 Rc3 33.
Rd3 Rc2+ 34. Rd2 Rc3 35. Rd3 Rc2+ 36. Rd2 1/2-1/2

[Event "ICC tourney 1897 (3 2)"]
[Site "Internet Chess Club"]
[Date "2020.07.03"]
[Round "10"]
[White "Aniketshukla"]
[Black "mangolamb"]
[Result "1-0"]
[WhiteElo "1420"]
[BlackElo "1695"]
[PlyCount "145"]
[EventDate "2020.??.??"]

1. e4 e5 2. Nf3 Nc6 3. Bc4 Bc5 4. c3 Nf6 5. d3 d6 6. O-O a6 7. Nbd2 O-O 8. Re1
Re8 9. Nf1 Be6 10. Bb3 h6 11. Ng3 Bxb3 12. axb3 d5 13. Qc2 Bf8 14. Nf5 dxe4 15.
dxe4 Kh7 16. Be3 g6 17. Rad1 Qc8 18. Ng3 Bg7 19. Qd2 Qe6 20. Qc2 Rad8 21. h3
Rd7 22. Rxd7 Nxd7 23. Rd1 Nf6 24. Nh2 Na5 25. b4 Nc4 26. Nhf1 Qc6 27. b3 Nd6
28. f3 Nc8 29. Nd2 Qe6 30. Nc4 Ne7 31. Na5 b6 32. Nc4 Nc6 33. Ne2 Rd8 34. Rxd8
Nxd8 35. Qd3 Nb7 36. Nd2 b5 37. Nc1 Qd7 38. c4 bxc4 39. bxc4 Qa4 40. Qb3 Qc6
41. Na2 Nd6 42. Nc3 Nd7 43. c5 Nb5 44. Nxb5 Qxb5 45. Qxf7 Nf6 46. Qc4 Qa4 47.
Qb3 Qa1+ 48. Kh2 Nh5 49. b5 axb5 50. Qxb5 Qe1 51. Qd3 Qg3+ 52. Kg1 Qe1+ 53. Nf1
Nf4 54. Bxf4 exf4 55. c6 Qa1 56. Kh2 h5 57. Nd2 Qe1 58. Nc4 Qg3+ 59. Kg1 Qe1+
60. Qf1 Qc3 61. Kh2 Qb4 62. Qe2 Bh8 63. e5 Qe7 64. e6 Bg7 65. Qe4 Bf6 66. Ne5
Qg7 67. Nd7 Be7 68. Qxf4 Bd6 69. Qxd6 cxd6 70. c7 Qg8 71. Nf6+ Kg7 72. Nxg8
Kxg8 73. c8=Q+ 1-0

[Event "ICC tourney 1897 (3 2)"]
[Site "Internet Chess Club"]
[Date "2020.07.03"]
[Round "9"]
[White "mangolamb"]
[Black "Bo002"]
[Result "0-1"]
[WhiteElo "1736"]
[BlackElo "1712"]
[PlyCount "58"]
[EventDate "2020.??.??"]

1. e4 c5 2. Nf3 Nc6 3. d4 cxd4 4. Nxd4 Nf6 5. Nc3 e5 6. Ndb5 d6 7. Bg5 a6 8.
Na3 b5 9. Nd5 Be7 10. Bxf6 Bxf6 11. c4 b4 12. Nc2 a5 13. g3 O-O 14. Bg2 Be6 15.
Nce3 Bg5 16. O-O Bxe3 17. Nxe3 Qb6 18. b3 Rfd8 19. Qd3 a4 20. Kh1 axb3 21. axb3
Ra3 22. f4 Rda8 23. Rab1 Ra2 24. f5 Bd7 25. Nd5 Qc5 26. f6 Rxg2 27. Kxg2 Ra2+
28. Kh1 Bh3 29. Rg1 Qf2 0-1

[Event "ICC tourney 1897 (3 2)"]
[Site "Internet Chess Club"]
[Date "2020.07.03"]
[Round "6"]
[White "cloak1"]
[Black "mangolamb"]
[Result "1-0"]
[WhiteElo "1908"]
[BlackElo "1758"]
[PlyCount "63"]
[EventDate "2020.??.??"]

1. e4 e5 2. Nf3 Nc6 3. d4 exd4 4. Bc4 Bc5 5. c3 Nf6 6. O-O dxc3 7. e5 d5 8.
exf6 dxc4 9. Re1+ Be6 10. fxg7 Rg8 11. Qa4 Rxg7 12. Nxc3 Qd7 13. Ne4 Bd6 14.
Nf6+ Kd8 15. Nxd7 Kxd7 16. Be3 Bd5 17. Nh4 Rag8 18. g3 h5 19. Rad1 Be6 20. f4
Kc8 21. f5 Bd7 22. Rxd6 cxd6 23. Qxc4 Rg4 24. Qxf7 Ne5 25. Qd5 Bc6 26. Rc1 Kd7
27. Qe6+ Kc7 28. Bf4 Re8 29. Qh6 Nf7 30. Qxh5 Rg7 31. f6 Rgg8 32. Qxf7+ 1-0

[Event "ICC tourney 1897 (3 2)"]
[Site "Internet Chess Club"]
[Date "2020.07.03"]
[Round "5"]
[White "mangolamb"]
[Black "playtowin2020"]
[Result "1-0"]
[WhiteElo "1794"]
[BlackElo "1509"]
[PlyCount "109"]
[EventDate "2020.??.??"]

1. e4 c5 2. Nf3 g6 3. d4 cxd4 4. Nxd4 Nc6 5. c4 Nf6 6. Nc3 d6 7. Be3 Nxd4 8.
Bxd4 Bg7 9. Be2 O-O 10. O-O Bd7 11. Rc1 Rc8 12. Kh1 a6 13. f3 Bc6 14. b3 Nd7
15. Bxg7 Kxg7 16. Qd4+ Kg8 17. f4 a5 18. Bf3 Nc5 19. Rcd1 Qb6 20. f5 Qa7 21. f6
exf6 22. Qxf6 Ne6 23. Rxd6 Qe3 24. Nd5 Bxd5 25. exd5 Nd4 26. Bg4 Rce8 27. Rd7
h5 28. Rxf7 Rxf7 29. Qxf7+ Kh8 30. Be6 Rb8 31. Qxg6 Nxe6 32. dxe6 Rc8 33. Qxh5+
Kg8 34. Qf7+ Kh8 35. e7 Qe2 36. Qf8+ Rxf8 37. exf8=Q+ Kh7 38. Qf2 Qxf2 39. Rxf2
Kg6 40. Rd2 Kf6 41. Rd7 b6 42. Rb7 Ke5 43. Rxb6 a4 44. bxa4 Kd4 45. a5 Kxc4 46.
a6 Kc5 47. Rb1 Kc6 48. a7 Kc7 49. a8=Q Kd6 50. Qc8 Ke7 51. Rb3 Kf6 52. Re3 Kg7
53. Rf3 Kg6 54. Qg8+ Kh6 55. Rh3# 1-0

[Event "ICC tourney 1897 (3 2)"]
[Site "Internet Chess Club"]
[Date "2020.07.03"]
[Round "4"]
[White "HartensChkmate"]
[Black "mangolamb"]
[Result "1-0"]
[WhiteElo "1518"]
[BlackElo "1778"]
[PlyCount "127"]
[EventDate "2020.??.??"]

1. c4 e6 2. g3 d5 3. Bg2 g6 4. Nf3 Bg7 5. O-O Ne7 6. d4 O-O 7. b3 c5 8. Bb2
Nbc6 9. e3 dxc4 10. bxc4 Nf5 11. Ba3 b6 12. g4 Nfe7 13. Nbd2 Rb8 14. dxc5 Bxa1
15. Qxa1 bxc5 16. Ne4 f5 17. Nf6+ Rxf6 18. Qxf6 Qf8 19. Qxf8+ Kxf8 20. Bxc5
fxg4 21. Ng5 Bd7 22. Nxh7+ Kf7 23. Ng5+ Kf6 24. Ne4+ Kg7 25. Bxe7 Nxe7 26. Nc5
Bc8 27. Rd1 Rb2 28. h3 gxh3 29. Bxh3 Rxa2 30. Nxe6+ Bxe6 31. Bxe6 a5 32. c5 Rc2
33. Rd7 Kf6 34. Bh3 Rxc5 35. Rd6+ Kg7 36. Re6 Kf7 37. Re4 Rb5 38. Be6+ Kg7 39.
Bd7 Rb1+ 40. Kg2 Kf6 41. Re6+ Kg5 42. Rxe7 Ra1 43. Re6 a4 44. Re5+ Kf6 45. Ra5
a3 46. Bb5 g5 47. Bc4 Kg6 48. Kf3 Kh5 49. e4 Kg6 50. e5 Rh1 51. Bd3+ Kf7 52.
Rxa3 Rh3+ 53. Kg4 Rh2 54. Ra7+ Ke6 55. Ra5 Rxf2 56. Bc4+ Ke7 57. Ra7+ Ke8 58.
Kxg5 Rc2 59. Bb5+ Kd8 60. e6 Rc5+ 61. Kf6 Rxb5 62. e7+ Ke8 63. Ra8+ Kd7 64.
e8=Q+ 1-0

[Event "ICC tourney 1897 (3 2)"]
[Site "Internet Chess Club"]
[Date "2020.07.03"]
[Round "3"]
[White "mangolamb"]
[Black "manest"]
[Result "0-1"]
[WhiteElo "1869"]
[BlackElo "2779"]
[PlyCount "100"]
[EventDate "2020.??.??"]

1. e4 e6 2. d4 d5 3. Nd2 dxe4 4. Nxe4 Nd7 5. Nf3 Ngf6 6. Nxf6+ Nxf6 7. Bd3 c5
8. dxc5 Bxc5 9. O-O O-O 10. Bg5 h6 11. Bf4 b6 12. Qe2 Bb7 13. Rad1 Qe7 14. Be5
Rfd8 15. c3 Bd6 16. Bxf6 Qxf6 17. Be4 Bxe4 18. Qxe4 Rac8 19. h3 Bc5 20. Qa4 a5
21. Qe4 g5 22. h4 gxh4 23. Qxh4 Qxh4 24. Nxh4 a4 25. Nf3 a3 26. b3 b5 27. c4
bxc4 28. bxc4 Rxd1 29. Rxd1 Rb8 30. Ne5 Bf8 31. Nd3 Rd8 32. Kf1 Rd4 33. Ke2
Rxc4 34. Rd2 Bg7 35. Ke3 Bd4+ 36. Ke2 e5 37. f4 e4 38. Ne1 f5 39. Nc2 Bc5 40.
Ne3 Bxe3 41. Kxe3 Kf7 42. Rd7+ Ke6 43. Ra7 Rc3+ 44. Kd2 Rd3+ 45. Ke2 Rg3 46.
Kf2 Rc3 47. Kg1 Kd5 48. Ra5+ Kd4 49. Kf2 Rc2+ 50. Kg3 Rxa2 0-1

[Event "ICC tourney 1897 (3 2)"]
[Site "Internet Chess Club"]
[Date "2020.07.03"]
[Round "2"]
[White "fishbein"]
[Black "mangolamb"]
[Result "1-0"]
[WhiteElo "2520"]
[BlackElo "1741"]
[PlyCount "69"]
[EventDate "2020.??.??"]

1. e4 e5 2. Nf3 Nc6 3. Bb5 a6 4. Ba4 Nf6 5. O-O Be7 6. Re1 b5 7. Bb3 d6 8. c3
O-O 9. d4 Bg4 10. Be3 Na5 11. dxe5 Bxf3 12. Qxf3 dxe5 13. Bc2 c5 14. Nd2 Qc7
15. Nf1 Nc4 16. Bc1 Rfd8 17. a4 b4 18. b3 Nd6 19. c4 Qc6 20. Bb2 Nd7 21. Ne3 f6
22. Nd5 Bf8 23. Rad1 Ne8 24. Qg4 Kh8 25. Re3 Nd6 26. Red3 Ra7 27. f4 Nxe4 28.
fxe5 Nc3 29. Nxc3 bxc3 30. Bxc3 fxe5 31. Rh3 h6 32. Qf5 Nf6 33. Rxd8 Ra8 34.
Rxa8 Qxa8 35. Rxh6+ 1-0

[Event "ICC tourney 1897 (3 2)"]
[Site "Internet Chess Club"]
[Date "2020.07.03"]
[Round "1"]
[White "mangolamb"]
[Black "GHAAngel"]
[Result "1-0"]
[WhiteElo "1614"]
[BlackElo "1714"]
[PlyCount "99"]
[EventDate "2020.??.??"]

1. e4 c6 2. d4 d5 3. exd5 cxd5 4. Bd3 Nc6 5. c3 Nf6 6. h3 e5 7. dxe5 Nxe5 8.
Nf3 Nxd3+ 9. Qxd3 Be7 10. O-O O-O 11. Bf4 Ne4 12. Nbd2 Bf5 13. Qe2 Bd6 14. Bxd6
Qxd6 15. Nd4 Bg6 16. N2b3 Rfe8 17. Qf3 a5 18. Rad1 a4 19. Nc1 a3 20. b3 Rac8
21. c4 dxc4 22. Nf5 Qe5 23. Nh4 c3 24. Nxg6 h6 25. Nxe5 Rxe5 26. Rfe1 f5 27.
Nd3 Rb5 28. Rxe4 fxe4 29. Qxe4 c2 30. Rc1 Rb6 31. Ne5 Re6 32. Qd5 Rce8 33. Rxc2
Kh8 34. f4 g5 35. Rc7 gxf4 36. Qd7 R6e7 37. Qxe7 Rxe7 38. Rxe7 Kg8 39. Rxb7 Kf8
40. Rc7 h5 41. b4 f3 42. b5 Ke8 43. b6 Kd8 44. Rc2 h4 45. b7 Ke7 46. b8=Q Kf6
47. Qb5 Kf5 48. Nxf3+ Kf4 49. Rc4+ Kg3 50. Qg5# 1-0

[Event "ICC tourney 1897 (3 2)"]
[Site "Internet Chess Club"]
[Date "2020.07.03"]
[Round "9"]
[White "fastnfurious"]
[Black "chessmagic22"]
[Result "1-0"]
[WhiteElo "1897"]
[BlackElo "1721"]
[PlyCount "53"]
[EventDate "2020.??.??"]

1. d4 f5 2. Bg5 Nf6 3. Bxf6 exf6 4. e3 d5 5. c4 Be6 6. Nc3 c6 7. Qb3 Qb6 8.
cxd5 cxd5 9. Bb5+ Nc6 10. Nge2 a6 11. Bd3 Qxb3 12. axb3 Nb4 13. Bb1 Be7 14. O-O
Kf7 15. Nf4 Rhc8 16. Nxe6 Kxe6 17. Re1 Nc6 18. f3 Bb4 19. e4 fxe4 20. fxe4 Nxd4
21. exd5+ Kf7 22. Be4 Nxb3 23. Rad1 Rd8 24. d6 Rxd6 25. Rxd6 Bxd6 26. Bd5+ Kg6
27. Bxb3 1-0

[Event "ICC tourney 1897 (3 2)"]
[Site "Internet Chess Club"]
[Date "2020.07.03"]
[Round "8"]
[White "chessmagic22"]
[Black "Venom2020"]
[Result "1/2-1/2"]
[WhiteElo "1738"]
[BlackElo "1739"]
[PlyCount "97"]
[EventDate "2020.??.??"]

1. e4 c5 2. Nf3 Nc6 3. d4 cxd4 4. Nxd4 g6 5. Nc3 Bg7 6. Be3 Nf6 7. Bc4 O-O 8.
Bb3 a5 9. O-O a4 10. Nxa4 Nxe4 11. Nb5 Ra6 12. c4 d6 13. Re1 Nf6 14. Bg5 Be6
15. Nac3 Na5 16. Nd5 Nxb3 17. Qxb3 Bxd5 18. cxd5 Qd7 19. Re2 Rfa8 20. Nc3 h6
21. Bd2 g5 22. Rae1 Re8 23. h3 Raa8 24. Nb5 Rac8 25. Bc3 Rc5 26. a4 Nxd5 27.
Bxg7 Kxg7 28. Qg3 Nf4 29. Re4 Ng6 30. Nxd6 Rd8 31. b4 Rd5 32. Nb5 e6 33. Qc3+
Kg8 34. Qf6 Rd1 35. Kh2 Rxe1 36. Rxe1 Qc8 37. Qb2 Qb8+ 38. Kh1 Qf4 39. a5 Rd2
40. Qc3 Qxf2 41. Rg1 Nf4 42. Qf3 Qxf3 43. gxf3 Nxh3 44. Rc1 Nf2+ 45. Kg1 Nh3+
46. Kh1 Nf2+ 47. Kg1 Nh3+ 48. Kh1 Nf2+ 49. Kg1 1/2-1/2

[Event "ICC tourney 1897 (3 2)"]
[Site "Internet Chess Club"]
[Date "2020.07.03"]
[Round "7"]
[White "Wizard98"]
[Black "chessmagic22"]
[Result "1-0"]
[WhiteElo "1659"]
[BlackElo "1739"]
[PlyCount "55"]
[EventDate "2020.??.??"]

1. e4 c5 2. Nc3 Nc6 3. Bb5 g6 4. Bxc6 bxc6 5. d3 Bg7 6. f4 Nf6 7. Nf3 O-O 8.
O-O d6 9. Qe1 Rb8 10. b3 Nd7 11. Bd2 Nb6 12. Qh4 f6 13. g4 e5 14. f5 d5 15. Qf2
c4 16. dxc4 dxc4 17. Be3 Ba6 18. Rfd1 Qc7 19. h4 Rfd8 20. Kh2 Rxd1 21. Rxd1 Rd8
22. Rg1 cxb3 23. axb3 Bc8 24. g5 Bxf5 25. gxf6 Bxf6 26. Ng5 Bc8 27. Qxf6 Re8
28. Nxh7 1-0

[Event "ICC tourney 1897 (3 2)"]
[Site "Internet Chess Club"]
[Date "2020.07.03"]
[Round "6"]
[White "chessmagic22"]
[Black "rishibabu"]
[Result "1-0"]
[WhiteElo "1779"]
[BlackElo "1559"]
[PlyCount "71"]
[EventDate "2020.??.??"]

1. e4 c5 2. Nf3 d6 3. d4 cxd4 4. Nxd4 Nf6 5. Nc3 a6 6. Bg5 e6 7. f4 Be7 8. Qf3
Qc7 9. O-O-O Nbd7 10. Bd3 h6 11. Bh4 g5 12. fxg5 Ne5 13. Qe2 Nfg4 14. Nf3 hxg5
15. Bg3 Bd7 16. Nxe5 Nxe5 17. Bxe5 dxe5 18. h3 O-O-O 19. Rhf1 Rdf8 20. Rf3 Kb8
21. Bc4 f6 22. Bb3 Rc8 23. Rfd3 Rhd8 24. Qd2 Bc6 25. Bxe6 Rxd3 26. Qxd3 Rd8 27.
Nd5 Bxd5 28. Bxd5 Rc8 29. Qb3 Bc5 30. c3 b5 31. a4 Qb6 32. axb5 axb5 33. Be6
Rc7 34. Rd8+ Kb7 35. Bd5+ Ka7 36. Ra8# 1-0

[Event "ICC tourney 1897 (3 2)"]
[Site "Internet Chess Club"]
[Date "2020.07.03"]
[Round "5"]
[White "chessdi"]
[Black "chessmagic22"]
[Result "1-0"]
[WhiteElo "2303"]
[BlackElo "1753"]
[PlyCount "63"]
[EventDate "2020.??.??"]

1. d4 f5 2. Bf4 Nf6 3. e3 g6 4. Nf3 Bg7 5. Be2 O-O 6. h3 d6 7. O-O Nbd7 8. c3
Qe8 9. Qb3+ Kh8 10. Nbd2 h6 11. Bh2 c6 12. Rad1 g5 13. Rfe1 Qg6 14. Bd3 d5 15.
Ne5 Nxe5 16. Bxe5 Qh5 17. Nf1 g4 18. Ng3 Qh4 19. hxg4 Nxg4 20. Bf4 e5 21. dxe5
Nxe5 22. Qa3 Bd7 23. Qd6 Nxd3 24. Rxd3 Rad8 25. Be5 Bxe5 26. Qxe5+ Qf6 27.
Qxf6+ Rxf6 28. Nh5 Rg6 29. Nf4 Rg7 30. g3 Rf8 31. b4 Rf6 32. Nh5 1-0